000 00961nam a2200253Ia 4500
003 OSt
005 20220923222147.0
006 a|||||r|||| 00| 0
007 ta
008 220922b |||||||| |||| 00| 0 ben d
024 _a203,501
037 _cTextual
040 _aARTS
_cARTS
_bben
041 _2ben
_aben
082 _aO157,3N17,2, 152L7
100 _aचन्दर, प्रतापचंद्; तिवारी, हंसकुमार, अनु.
_9166150
245 0 _aजार्ब चार्नक की बेटी
246 _aJārba chārnak kī beṭī
260 _aदिल्ली
_b राधाकृष्ण प्रका0
_c1977
300 _a230पृ0
_ccm.
650 _aबंगाली कहानी
942 _hO157,3N17,2, 152L7
_cTEXL
_2CC
999 _c354253
_d354253